Sosyal sigortalar mevzuatı (Record no. 4240)

MARC details
000 -BAŞLIK
Sabit Uzunlukta Kontrol Alanı 00924na a2200241 4500
001 - KONTROL NUMARASI
Denetim Alanı 16842
003 - KONTROL NUMARASI IDENTIFIER
Denetim Alanı MIRAKIL
005 - SON İŞLEM TARİHİ VE ZAMANI
Denetim Alanı 20181213154958.0
008 - SABİT-BOY VERİ ELEMANLARI - GENEL BİLGİLER
Sabit Uzunlukta Kontrol Alanı 161015b tu 000 0
040 ## - KATALOGLAMA KAYNAK
Orijinal Kataloglama Ajansı Milas
Kataloglama Dili tur
Metne Dönüştürmek Ajansı TR-AnCHP
041 ## - DİL KODU
Metin / Ses Parça Veya Ayrı Başlığın Dil Kodu tur
082 ## - DEWEY ONLU SINIFLANDIRMA NUMARASI
Sınıflandırma Numarası 344.020263
Ürün Numarası S67 1968
090 ## - SINIFLAMA NUMARASI
Sınıflama Numarası 344.020263 S67 1968
245 ## - BAŞLIK TABLOSU
Başlık Sosyal sigortalar mevzuatı
Sorumluluk Tablosu, Vb Hazırlayanlar Metin Önol...[ve öte.]
250 ## - EDITION TABLOSU
Baskı Beyanı 2. bs.
260 ## - YAYIN, DAĞITIM, VB
Yayın, Dağıtım, Vb Yeri Ankara
Yayıncı, Dağıtıcı, Vs Adı [yayl.y.]
Yayın, Dağıtım, Vb Tarihi 1968
Üretici Firma Balkanoğlu Matbaacılık
300 ## - FİZİKSEL TANIM
Kapsam xv, 860 s.
Boyutlar 24 sm.
500 ## - GENEL NOT
Genel Not Sosyal sigortalar ile ilgili; Kanunlar, Gerekçe ve Komisyon Raporları, T.B.M.M. görüşmeleri; Tüzükler, Yönetmelikler, Bakanlar Kurulu Kararları, Tarifeler, Genelgeler ve Açıklamalar, Yargıtay ve Danıştay'ın en son kararları.
650 ## - KONU KATMA GİRİŞ - TOPİKAL DÖNEM
Topikal Süreli Veya Coğrafi Ad Giriş Elemanı Sosyal sigorta
Genel Alt Bölümü Hukuk ve mevzuat
Coğrafi Alt Bölümü Türkiye
700 ## - KATMA GİRİŞ - KİŞİSEL İSİM
Kişisel Ad Önol, Metin
942 ## - EKLENDİ GİRİŞ ELEMANLARI (KOHA)
Sınıflandırma Veya Raf Düzeni Kaynak
Koha Öğesi Türü Books
999 ## - SİSTEM KONTROL NUMARALARI (KOHA)
Koha Biblionumber 4240
Koha Biblioitemnumber 4240
657 ## - INDEX SÜRE - İŞLEVİ
-- Sosyal sigortalar kanunu
Holdings
Kalıcı Konum Mevcut Konum Edinme Tarihi Edinim Kaynak Toplam Check-Out'Lar Tam Çağrı Numarası Barkod Tarih Son Görülme İtibaren Geçerli Fiyatlar Koha Öğesi Türü
CHP Kütüphanesi CHP Kütüphanesi 10/15/2016 Bağış   344.020263 S67 1968 005323 10/15/2016 10/15/2016 Books